Culture sportive (facile) - Statistiques

Statistiques générales
  • Ce quiz a été pris 194 fois
  • Le résultat moyen est 16 sur 20
Statistiques - réponses
Question Réponse % Correct
Quel judoka détient le record du nombre de championnat du monde remporté ? Teddy Riner
93%
Combien de temps dure une mi-temps au football ? 45
91%
Combien de joueurs y a-t-il sur le terrain dans une équipe au handball ? 7
90%
Dans quel pays évoluent les All Blacks, l’équipe nationale de rugby ? Nouvelle-Zélande
88%
Quel joueur détient le record du plus grand nombre de titres à Roland-Garros ? Rafael Nadal
88%
Dans quel sport peut-on parler de galop, trot, et pas ? Équitation
86%
Quelle est la couleur du maillot porté par le meilleur coureur au Tour de France ? Jaune
86%
Quel sport utilise des agrès comme la poutre, le sol ou les barres ? La gymnastique
86%
En quelle année la France a remporté sa première Coupe du Monde de football ? 1998
85%
Dans quelle ville a lieu ce dernier ? Paris
85%
Dans quel sport peut on parler de mousqueton, harnais, ou baudrier ? Escalade
84%
La célèbre course automobile qui dure une journée entière et qui se déroule chaque année dans la Sarthe s’appelle les 24h du ___ ? Mans
84%
Complétez la devise olympique : "Plus vite, plus haut, plus ___ - Ensemble" Fort
83%
Au jeu de fléchettes, combien de points maximum peut-on obtenir avec une seule fléchette ? 60
78%
En natation, il existe le dos, la nage libre, le papillon, et ___ La brasse
78%
Aux échecs, comment se déplace un fou ? En diagonale
77%
Dans quelle ville se sont déroulés les premiers Jeux Olympiques d'été en 1896 ? Athènes
73%
Quel joueur porte un maillot différent en volley ? Le libéro
47%
Quel est la distance d'un marathon (arrondi au kilomètre) ? 42 km
46%
Quelle est la hauteur officielle d’un panier de basket (en centimètres) ? 305
44%
Aucun quiz correspondant
Distribution des résultats
% des personnes avec chaque résultat
Percentile par nombre de réponses
Votre historique - résultats
Vous n’avez pas pris ce quiz